000 01716cab a2200229 4500
001 L136213
008 070117n2007 000 0 eng u
035 _a(Sirsi) u136213
041 0 _aeng
050 0 4 _a333.72 $2 18
110 1 _aUnited Kingdom
_bDepartment of Trade and Industry
245 0 0 _aReform of the Renewables Obligation & statutory consultation on the Renewables Obligation Order 2007
_h[electronic resource]
260 _aLondon
_bDTI
_c2007
520 _aFollowing the 2006 Energy Review the UK government announced a number of proposals for changes to the Renewables Obligation (RO). These changes would provide differentiated support levels to different renewables technologies and give additional certainty on long-term Renewable Obligation Certificate prices. These changes to the RO will require new primary legislation and so will not be introduced until towards the end of this decade at the earliest. The Government has now published a consultation document on these proposals. In addition to these longer term changes the consultation document contains proposals for a small number of more limited and detailed changes to the Renewables Obligation legislation that it is proposed to bring into force for 1 April 2007. A draft of the Renewables Obligation Order containing these proposed changes is included here.
590 _aKA
650 2 4 _aRENEWABLES OBLIGATION
650 2 4 _aDRAFT RENEWABLES OBLIGATION ORDER 2007
651 4 _aEngland and Wales
_y1543-
690 _aENVIRONMENTAL AND LAND CONSULTANCY-ENERGY-RENEWABLE ENERGY
856 4 0 _uhttps://www.dti.gov.uk/consultations/page34162.html
_zView the consultation documents free of charge at www.dti.gov.uk...
942 _n0
999 _c106338
_d106338